Online Catalogue and eLibrary

Ethnicity and nation-building in South Asia / (Record no. 446)

MARC details
000 -LEADER
fixed length control field 00772cam a2200241 a 4500
001 - CONTROL NUMBER
control field 12116715
005 - DATE AND TIME OF LATEST TRANSACTION
control field 20240221033807.0
008 - FIXED-LENGTH DATA ELEMENTS--GENERAL INFORMATION
fixed length control field 000724s2001 ii b 001 0 eng
020 ## - INTERNATIONAL STANDARD BOOK NUMBER
ISBN 0761994386
020 ## - INTERNATIONAL STANDARD BOOK NUMBER
ISBN 0761994394 (pbk.)
040 ## - CATALOGING SOURCE (பட்டியலாக்க மூலம்)
Original cataloging agency DLC
Transcribing agency DLC
Modifying agency DLC
082 00 - DDC Classification
Class No. 320.54.
DDC Edition Number 21
Item Number - Author Mark ETH.
100 1# - MAIN ENTRY--PERSONAL NAME
Personal name Phadnis, Urmila.
245 10 - TITLE STATEMENT
Title Ethnicity and nation-building in South Asia /
Statement of responsibility, etc. Urmila Phadnis and Rajat Ganguly.
250 ## - EDITION STATEMENT
Edition statement Rev. ed.
260 ## - PUBLICATION, DISTRIBUTION, ETC.
Place of publication, distribution, etc. New Delhi ;
-- Thousand Oaks, CA :
Name of publisher, distributor, etc. Sage Publications,
Date of publication, distribution, etc. 2001.
300 ## - PHYSICAL DESCRIPTION
Extent (e.g. Volumes, Pages etc.) 467 p. ;
650 #0 - SUBJECT ADDED ENTRY--TOPICAL TERM
Topical term or geographic name entry element Ethnicity
700 1# - ADDED ENTRY--PERSONAL NAME
Personal name Ganguly, Rajat.
Relator term (Role) Editor
856 42 - ELECTRONIC LOCATION AND ACCESS
Uniform Resource Identifier <a href="http://www.loc.gov/catdir/enhancements/fy0657/00059158-d.html">http://www.loc.gov/catdir/enhancements/fy0657/00059158-d.html</a>
856 41 - ELECTRONIC LOCATION AND ACCESS
Uniform Resource Identifier <a href="http://www.loc.gov/catdir/enhancements/fy0657/00059158-t.html">http://www.loc.gov/catdir/enhancements/fy0657/00059158-t.html</a>
942 ## - Koha item type (Biblio)
Koha item type Books in Stacks (Lending)
Holdings
Lost status Damaged status Collection code Home library Current library Date acquired Full call number Accession Number Item type
    Lending WERC Library WERC Library 02/21/2024 320.54. ETH. 4549 Books in Stacks (Lending)

© WERC Library